[Event "Enniscrone Sligo-ch"]
[Site "Enniscrone"]
[Date "2024.02.03"]
[Round "2"]
[White "Mccarrick, Pat"]
[Black "Hiatt, Alan P"]
[Result "1-0"]
[WhiteElo "1514"]
[BlackElo "1597"]
[PlyCount "83"]
[EventDate "2024.02.02"]
[EventType "swiss"]
[EventRounds "5"]
[EventCountry "IRL"]
[SourceTitle "CB08_2024"]
[SourceDate "2024.02.21"]
[SourceVersion "1"]
[SourceVersionDate "2024.02.21"]
[SourceQuality "1"]

1. e4 e5 2. Nf3 d6 3. Bc4 Be7 4. 0-0 Nf6 5. Nc3 c6 6. Re1 Nbd7 7. Bxf7+ Kxf7 8. Ng5+ Kg8 9. d3 Nf8 10. f4 exf4 11. Bxf4 Ne6 12. Nf3 Nxf4 13. Qd2 Ng6 14. Ne2 Ne5 15. Nfd4 Qb6 16. Kh1 c5 17. Nf5 Bxf5 18. exf5 Nd5 19. Ng3 Bh4 20. Re4 Qd8 21. Nh5 Qg5 22. Qe2 Qxf5 23. Rxh4 Rf8 24. c4 Nb4 25. Rf4 Qxd3 26. Qf2 Rxf4 27. Qxf4 Ng6 28. Qf2 Qd4 29. Qf5 Qd3 30. Qe6+ Kf8 31. Re1 Ne5 32. Qc8+ Kf7 33. Qxh8 Qg6 34. Rf1+ Ke7 35. Nf4 Qh6 36. a3 Nbc6 37. Nd5+ Kd7 38. Qf8 Qg6 39. b4 cxb4 40. axb4 a6 41. b5 axb5 42. cxb5 1-0